| 000 | 01128cac a22003011u 4500 | ||
|---|---|---|---|
| 003 | EG-ScBUE | ||
| 005 | 20220830103436.0 | ||
| 008 | 100412t1984 nyua f b 001 0 eng d | ||
| 020 | _a0442210752 | ||
| 040 |
_aEG-ScBUE _beng _erda _cEG-ScBUE _dEG-ScBUE |
||
| 082 | 0 | 4 |
_a712 _222 _bYEA |
| 245 | 0 | 4 |
_aThe yearbook of landscape architecture : _bprivate spaces in the landscape / _cedited by Richard L. Austin, ASLA, associate professor / University of Nebraska, coordinating editor [and four others] |
| 264 | 1 |
_aNew York : _bVan Nostrand Reinhold Company, _c[1984] |
|
| 264 | 4 | _cc1984 | |
| 300 |
_axi, 120 pages : _billustrations, maps ; _c29 cm |
||
| 336 |
_2rdacontent _atext _btxt |
||
| 337 |
_2rdamedia _aunmediated _bn |
||
| 338 |
_2rdacarrier _avolume _bnc |
||
| 504 | _aIncludes bibliographical references and index. | ||
| 650 | 7 |
_aLandscape architecture. _913434 _2BUEsh |
|
| 650 | 7 |
_aSpace (Architecture) _913435 _2BUEsh |
|
| 650 | 7 |
_aGardens _xDesign. _913436 _2BUEsh |
|
| 651 | _2BUEsh | ||
| 653 | _bENGARC | ||
| 655 |
_vReading book _934232 |
||
| 700 | 1 |
_aAustin, Richard L., _eeditor. _913437 |
|
| 942 |
_cBB _k712 YEA _2ddc |
||
| 999 |
_c4507 _d4507 |
||